| Tag |
First Indicator |
Second Indicator |
Subfields |
| LEADER |
00000cam a2200000Mi 4500 |
| 001 |
in00005489549 |
| 006 |
m o d |
| 007 |
cr ||||||||||| |
| 008 |
200317s1833 enk o 000 d eng d |
| 005 |
20240917182442.0 |
| 035 |
|
|
|a (OCoLC)on1244008775
|
| 040 |
|
|
|a UKAMD
|b eng
|e rda
|e pn
|c UKAMD
|d OCLCO
|d OCLCL
|
| 035 |
|
|
|a (OCoLC)1244008775
|
| 050 |
|
4 |
|a PR5059.M3
|
| 082 |
0 |
4 |
|a 822.7
|2 23
|
| 049 |
|
|
|a TXAM
|
| 100 |
1 |
|
|a Morgan,
|c Lady
|q (Sydney),
|d 1783-1859,
|e author.
|
| 245 |
1 |
0 |
|a Dramatic scenes from real life :
|b in two volumes,
|f 1833 /
|c by Lady Morgan.
|
| 264 |
|
1 |
|a London :
|b Saunders and Otley,
|c 1833.
|
| 300 |
|
|
|a 1 online resource (2 volumes (various pagings)).
|
| 336 |
|
|
|a text
|b txt
|2 rdacontent
|
| 337 |
|
|
|a computer
|b c
|2 rdamedia
|
| 338 |
|
|
|a online resource
|b cr
|2 rdacarrier
|
| 490 |
1 |
|
|a AM Scholar: Women's Studies.
|
| 500 |
|
|
|a "Collection: Women's Autobiographies"--Home page.
|
| 500 |
|
|
|a "Original Microfilm Part: Part 1: Rare printed autobiographies covering thirty-three womens lives, 1713-1859"--Home page.
|
| 500 |
|
|
|a "Original Microfilm Reel: 7"--Home page.
|
| 520 |
8 |
|
|a Sydney Morgan (1783-1859) was born in Dublin, Ireland and was the daughter of Robert Owenson, composer and theatrical songwriter and mother, Jenny Hill. Her father was a relative of Oliver Goldsmith. The author married Sir Charles Morgan, physician in 1812; marrying from middle-class society to the upper classes. She was a novelist, social historian, poet, governess and political activist. Her novels include 'The Wild Irish Girl' and 'Woman and Her Master'.
|
| 535 |
1 |
|
|a Cambridge University Library
|
| 542 |
|
|
|f Material sourced from Cambridge University Library.
|
| 588 |
|
|
|a Description based on online resource; title from scanned document's title page (viewed on March 17, 2020).
|
| 655 |
|
7 |
|a Electronic books.
|2 local
|
| 710 |
2 |
|
|a Adam Matthew Digital (Firm),
|e digitiser.
|
| 758 |
|
|
|i has work:
|a Dramatic scenes from real life 1833 (Text)
|1 https://id.oclc.org/worldcat/entity/E39PCFJ7PFkqMGKVvt76rYDFDq
|4 https://id.oclc.org/worldcat/ontology/hasWork
|
| 830 |
|
0 |
|a AM Scholar: Women's Studies.
|
| 856 |
4 |
0 |
|u http://proxy.library.tamu.edu/login?url=https://www.amscholar.amdigital.co.uk/Documents/Details/WomensAutobiographies_Part1_Reel7_Vol1
|z Connect to the full text of this electronic book
|t 0
|
| 955 |
|
|
|a Adam Matthew Scholar Women's Studies
|
| 994 |
|
|
|a 92
|b TXA
|
| 999 |
f |
f |
|s b03ef3ce-754b-4afe-b9d1-ce41c0cd2f27
|i da226cc0-f2ca-4f97-b075-da3a3bf71128
|t 0
|
| 952 |
f |
f |
|a Texas A&M University
|b College Station
|c Electronic Resources
|d Available Online
|t 0
|e PR5059.M3
|h Library of Congress classification
|
| 998 |
f |
f |
|a PR5059.M3
|t 0
|l Available Online
|